Statistics for Rolls-Royce Car Models Worldwide 2021-22

Click here to take the quiz!

General Stats

  • This quiz has been taken 232 times
  • The average score is 4 of 5

Answer Stats

HintAnswer% Correct
Executive SedanPhantom
95%
Fullsize SUVCullinan
91%
Executive SedanGhost
89%
Grand TourerWraith
75%
Grand Tourer ConvertibleDawn
65%

Score Distribution

Percentile by Number Answered

Percent of People with Each Score

Your Score History

You have not taken this quiz